[Event "Portugal Open 2018"]
[Site "Lisboa POR"]
[Date "2018.02.03"]
[Round "1.1"]
[White "Lazarevic, Dusan"]
[Black "Jobava, Baadur"]
[Result "0-1"]
[WhiteElo "1983"]
[BlackElo "2685"]
[WhiteFideId "978523"]
[BlackFideId "13601520"]
[BlackTitle "GM"]
[WhiteCountry "SRB"]
[BlackCountry "GEO"]
[PlyCount "40"]
[EventDate "2018.??.??"]

1. e4 c6 2. d4 d5 3. e5 Bf5 4. h4 Qb6 5. Nc3 h5 6. Na4 Qc7 7. Ne2 e6 8. Ng3 Ne7
9. Nxh5 Rxh5 10. Qxh5 Bxc2 11. b3 Nf5 12. Qh8 Nd7 13. Bb2 O-O-O 14. Qh5 Nxe5 15.
Qe2 Nd3+ 16. Kd2 Nxb2 17. Nxb2 Bb4+ 18. Kxc2 Nxd4+ 19. Kd1 Nxe2 20. Bxe2 Qf4 0-1

[Event "Portugal Open 2018"]
[Site "Lisboa POR"]
[Date "2018.02.03"]
[Round "1.2"]
[White "Demchenko, Anton"]
[Black "Staufenberger, Bernd"]
[Result "1-0"]
[WhiteElo "2671"]
[BlackElo "1981"]
[WhiteFideId "4160258"]
[BlackFideId "4682505"]
[WhiteTitle "GM"]
[WhiteCountry "RUS"]
[BlackCountry "GER"]
[PlyCount "51"]
[EventDate "2018.??.??"]

1. e4 c5 2. Nf3 Nc6 3. Bb5 g6 4. Bxc6 dxc6 5. d3 Bg7 6. h3 Nf6 7. Nc3 Qc7 8. Be3
b6 9. Qd2 h6 10. Bf4 Qd7 11. O-O g5 12. Bh2 g4 13. Ne5 Qe6 14. f4 gxf3 15. Nxf3
Ba6 16. Nh4 Nd7 17. Nf5 Bf6 18. Ne2 Ne5 19. Nf4 Qd7 20. Nh5 O-O-O 21. Nxf6 exf6
22. Qc3 Rde8 23. a4 Qe6 24. a5 b5 25. Qxc5 Kb8 26. d4 1-0

[Event "Portugal Open 2018"]
[Site "Lisboa POR"]
[Date "2018.02.03"]
[Round "1.3"]
[White "Crespo Gavilán, Abel"]
[Black "Ghamarian, Tigran"]
[Result "0-1"]
[WhiteElo "1978"]
[BlackElo "2622"]
[WhiteFideId "2215470"]
[BlackFideId "13301527"]
[BlackTitle "GM"]
[WhiteCountry "ESP"]
[BlackCountry "FRA"]
[PlyCount "54"]
[EventDate "2018.??.??"]

1. c4 c5 2. Nf3 b6 3. Nc3 Bb7 4. d4 cxd4 5. Nxd4 Nf6 6. b3 g6 7. Bb2 Bg7 8. e3
O-O 9. f3 d5 10. Qd2 a6 11. cxd5 Nxd5 12. Nxd5 Qxd5 13. O-O-O b5 14. Kb1 Rd8 15.
Bd3 e5 16. e4 Qd6 17. Nc2 Nc6 18. Qe3 Rd7 19. Be2 Nd4 20. Qf2 Qf6 21. Rxd4 exd4
22. Bd3 Re8 23. Qd2 Bf8 24. Re1 Bd6 25. Bxd4 Be5 26. Bxe5 Qxe5 27. Qe3 Qxh2 0-1

[Event "Portugal Open 2018"]
[Site "Lisboa POR"]
[Date "2018.02.03"]
[Round "1.4"]
[White "Sevian, Samuel"]
[Black "Eberlein, Johann"]
[Result "1-0"]
[WhiteElo "2617"]
[BlackElo "1978"]
[WhiteFideId "2040506"]
[BlackFideId "24623121"]
[WhiteTitle "GM"]
[WhiteCountry "USA"]
[BlackCountry "GER"]
[PlyCount "85"]
[EventDate "2018.??.??"]

1. e4 c6 2. d4 g6 3. Nc3 d5 4. h3 Bg7 5. Nf3 dxe4 6. Nxe4 Nf6 7. Nxf6+ exf6 8.
Bd3 Be6 9. O-O O-O 10. c4 Nd7 11. Re1 Nb6 12. Qc2 Qd7 13. b3 Rfe8 14. Bb2 Rad8
15. Rad1 Qc7 16. Bc3 Nc8 17. Re2 Ne7 18. Rde1 Qd7 19. Qd2 h5 20. Qb2 Bxh3 21.
gxh3 Qxh3 22. Nh2 Qxd3 23. Re3 Qf5 24. Rxe7 Rxe7 25. Rxe7 Bf8 26. Re3 Bd6 27.
Qe2 Qf4 28. f3 Qg5+ 29. Kh1 Kg7 30. Nf1 Qh4+ 31. Kg1 b5 32. Re4 Qg5+ 33. Qg2 Qf5
34. Ne3 Qd7 35. d5 Bc5 36. Qg5 Qf5 37. Qxf5 gxf5 38. Bd4 fxe4 39. Bxc5 exf3 40.
dxc6 bxc4 41. bxc4 Rc8 42. Nf5+ Kh7 43. Ne7 1-0

[Event "Portugal Open 2018"]
[Site "Lisboa POR"]
[Date "2018.02.03"]
[Round "1.5"]
[White "Morais, Vítor"]
[Black "Indjic, Aleksandar"]
[Result "0-1"]
[WhiteElo "1977"]
[BlackElo "2612"]
[WhiteFideId "1900552"]
[BlackFideId "911925"]
[WhiteTitle "NM"]
[BlackTitle "GM"]
[WhiteCountry "POR"]
[BlackCountry "SRB"]
[PlyCount "80"]
[EventDate "2018.??.??"]

1. b3 Nf6 2. Bb2 g6 3. Bxf6 exf6 4. c4 d5 5. cxd5 Qxd5 6. Nc3 Qa5 7. g3 Ba3 8.
Qc2 c6 9. Bg2 Bf5 10. e4 Be6 11. Nge2 Na6 12. d4 O-O 13. O-O Rad8 14. Rad1 Rfe8
15. h3 c5 16. d5 Bd7 17. f4 b5 18. Kh2 c4 19. bxc4 bxc4 20. Rb1 Nb4 21. Qd2 Nd3
22. Rb7 Bc5 23. Rbb1 Rb8 24. Qc2 h5 25. Rxb8 Rxb8 26. Rb1 Rxb1 27. Qxb1 Bb4 28.
Qc2 h4 29. Nd1 hxg3+ 30. Nxg3 Nxf4 31. Qxc4 Bd6 32. Nf2 Nh5 33. Nfh1 Qe1 34. Qd3
a5 35. Qf3 Bb5 36. h4 Be2 37. Qe3 Bf4 38. Qb3 Bg4 39. Qd3 Bd6 40. Bh3 Bxh3 0-1

[Event "Portugal Open 2018"]
[Site "Lisboa POR"]
[Date "2018.02.03"]
[Round "1.6"]
[White "Petrov, Nikita"]
[Black "Alshameary Puente, Daniel"]
[Result "1-0"]
[WhiteElo "2573"]
[BlackElo "1976"]
[WhiteFideId "4101286"]
[BlackFideId "22252096"]
[WhiteTitle "IM"]
[WhiteCountry "RUS"]
[BlackCountry "ESP"]
[PlyCount "77"]
[EventDate "2018.??.??"]

1. Nf3 d5 2. c4 e6 3. g3 Nf6 4. Bg2 Be7 5. O-O O-O 6. b3 Nbd7 7. Bb2 b6 8. Nc3
Bb7 9. e3 c6 10. d4 Qc8 11. Rc1 Rd8 12. Qe2 dxc4 13. bxc4 c5 14. Rfd1 Ne4 15. d5
exd5 16. Nxd5 Bxd5 17. Rxd5 Qc7 18. Ne5 Ndf6 19. Bxe4 Nxe4 20. Qf3 Nf6 21. Rd7
Rxd7 22. Nxd7 Rd8 23. Nxf6+ Bxf6 24. Bxf6 gxf6 25. Qxf6 Rd2 26. Qg5+ Kf8 27. Qf6
Kg8 28. h4 Rd6 29. Qg5+ Kf8 30. Qf5 h6 31. e4 Qc6 32. Rc3 Rf6 33. Qd5 Qc7 34.
Rd3 Kg7 35. Kg2 Qe7 36. e5 Rg6 37. h5 Rg5 38. f4 Rxh5 39. Qf3 1-0

[Event "Portugal Open 2018"]
[Site "Lisboa POR"]
[Date "2018.02.03"]
[Round "1.7"]
[White "Craciun, Ion"]
[Black "Korneev, Oleg"]
[Result "0-1"]
[WhiteElo "1974"]
[BlackElo "2554"]
[WhiteFideId "13902440"]
[BlackFideId "4156803"]
[BlackTitle "GM"]
[WhiteCountry "POR"]
[BlackCountry "ESP"]
[PlyCount "46"]
[EventDate "2018.??.??"]

1. d4 d5 2. c4 e6 3. Nc3 c6 4. Nf3 Nf6 5. Bg5 Nbd7 6. e3 Qa5 7. Bxf6 Nxf6 8. Nd2
Be7 9. Bd3 O-O 10. O-O Qd8 11. Qc2 h6 12. a3 c5 13. dxc5 Bxc5 14. b4 Be7 15. c5
Bd7 16. Nb5 e5 17. Rac1 Qb8 18. a4 a6 19. Na3 b6 20. c6 Rc8 21. c7 Qb7 22. Bf5
Bxf5 23. Qxf5 Bxb4 0-1

[Event "Portugal Open 2018"]
[Site "Lisboa POR"]
[Date "2018.02.03"]
[Round "1.8"]
[White "Pérez Ponsa, Federico"]
[Black "Fernandes, Tiago Saraiva"]
[Result "1-0"]
[WhiteElo "2553"]
[BlackElo "1969"]
[WhiteFideId "117927"]
[BlackFideId "1920928"]
[WhiteTitle "GM"]
[WhiteCountry "ARG"]
[BlackCountry "POR"]
[PlyCount "105"]
[EventDate "2018.??.??"]

1. e4 c5 2. Nf3 Nc6 3. Nc3 g6 4. d4 cxd4 5. Nxd4 Bg7 6. Be3 Nf6 7. Bc4 O-O 8.
Bb3 d5 9. exd5 Na5 10. Qf3 Bg4 11. Qg3 Bh5 12. f3 Nxb3 13. Nxb3 Nxd5 14. O-O-O
Nxc3 15. Rxd8 Ne2+ 16. Kb1 Nxg3 17. Rxf8+ Kxf8 18. hxg3 f5 19. Rd1 Ke8 20. Nc5
Be5 21. Bf4 Bxf4 22. gxf4 Rd8 23. Nd3 g5 24. fxg5 Rd6 25. Kc1 Bg6 26. Re1 Rc6
27. Ne5 Rd6 28. f4 Bh5 29. Rh1 Bg6 30. Rd1 Ra6 31. a3 Ra5 32. Rd3 Rb5 33. b3 Rc5
34. Kb2 Rb5 35. c4 Rb6 36. Kc3 Bf7 37. Rh3 Bg6 38. c5 Re6 39. Kd4 Kf8 40. Re3
Ra6 41. b4 Ke8 42. Nc4 Kd7 43. Kc3 Bf7 44. Rh3 Bg6 45. b5 Re6 46. Rd3+ Kc7 47.
Re3 Kd7 48. Kd4 Bf7 49. Ne5+ Ke8 50. Nxf7 Kxf7 51. Rxe6 Kxe6 52. g3 a6 53. c6
1-0

[Event "Portugal Open 2018"]
[Site "Lisboa POR"]
[Date "2018.02.03"]
[Round "1.9"]
[White "Gratze, Michael"]
[Black "Nevednichy, Vladislav"]
[Result "0-1"]
[WhiteElo "1968"]
[BlackElo "2551"]
[WhiteFideId "1613871"]
[BlackFideId "1205730"]
[BlackTitle "GM"]
[WhiteCountry "AUT"]
[BlackCountry "ROU"]
[PlyCount "56"]
[EventDate "2018.??.??"]

1. e4 c5 2. Nf3 Nc6 3. Bb5 g6 4. Bxc6 bxc6 5. d3 Bg7 6. Nc3 e5 7. Be3 d6 8. h3
Ne7 9. Qd2 h6 10. Nh2 f5 11. f3 f4 12. Bf2 Be6 13. O-O g5 14. a3 a5 15. Ne2 h5
16. b4 g4 17. fxg4 hxg4 18. hxg4 Ng6 19. g3 Qg5 20. gxf4 exf4 21. Bg3 Bxa1 22.
Rxa1 axb4 23. Rf1 Bxg4 24. Nxf4 Bh3 25. Qe1 Bxf1 26. Nf3 Qg4 27. e5 Nxf4 28.
exd6+ Ne2+ 0-1

[Event "Portugal Open 2018"]
[Site "Lisboa POR"]
[Date "2018.02.03"]
[Round "1.10"]
[White "Sanal, Vahap"]
[Black "Fidalgo, Daniel"]
[Result "1-0"]
[WhiteElo "2551"]
[BlackElo "1966"]
[WhiteFideId "6300545"]
[BlackFideId "1934279"]
[WhiteTitle "GM"]
[WhiteCountry "TUR"]
[BlackCountry "POR"]
[PlyCount "113"]
[EventDate "2018.??.??"]

1. e4 e6 2. d4 d5 3. Nd2 Nf6 4. e5 Nfd7 5. Bd3 c5 6. c3 Nc6 7. Ne2 cxd4 8. cxd4
f6 9. exf6 Nxf6 10. O-O Bd6 11. Nf3 O-O 12. Bf4 Bxf4 13. Nxf4 Ne4 14. Qc1 Qd6
15. Ne2 Nf6 16. h3 Bd7 17. Qe3 Nb4 18. Nc3 Nxd3 19. Qxd3 Ne4 20. Ne5 Bc6 21.
Rac1 Rf6 22. Qe3 Nxc3 23. Rxc3 Bb5 24. Rfc1 Raf8 25. f3 Rb8 26. Rc5 a6 27. b3
Rff8 28. Rc7 Qd8 29. R7c5 Be8 30. Kh2 Qf6 31. Rc7 Bb5 32. Qe1 g6 33. Qe3 Qf4+
34. Qxf4 Rxf4 35. Re7 Bc6 36. Rxe6 Rxd4 37. Rcxc6 bxc6 38. Nxc6 Rdb4 39. Nxb4
Rxb4 40. Rxa6 Rd4 41. Kg3 Rd2 42. a4 d4 43. b4 Rb2 44. b5 d3 45. Rd6 d2 46. f4
Ra2 47. Kg4 Rxa4 48. Rxd2 Rb4 49. Rd8+ Kg7 50. Rd7+ Kg8 51. Rb7 h6 52. h4 Rb2
53. g3 Rb4 54. h5 g5 55. Kf5 Rd4 56. b6 Rd5+ 57. Ke6 1-0

[Event "Portugal Open 2018"]
[Site "Lisboa POR"]
[Date "2018.02.03"]
[Round "1.11"]
[White "Pelaez Murias, Eduardo"]
[Black "Santos Latasa, Jaime"]
[Result "0-1"]
[WhiteElo "1961"]
[BlackElo "2546"]
[WhiteFideId "22279709"]
[BlackFideId "2293307"]
[BlackTitle "IM"]
[WhiteCountry "ESP"]
[BlackCountry "ESP"]
[PlyCount "68"]
[EventDate "2018.??.??"]

1. e4 c5 2. Nf3 e6 3. d4 cxd4 4. Nxd4 a6 5. Bd3 Bc5 6. Nb3 Be7 7. c4 d6 8. O-O
Nf6 9. Nc3 O-O 10. Be3 b6 11. Rc1 Bb7 12. f3 Nbd7 13. Nd4 Rc8 14. b3 Qc7 15. Qd2
Qb8 16. Qf2 Rfe8 17. Rfd1 Bd8 18. Bf1 Bc7 19. g3 Kh8 20. Bg2 Rg8 21. b4 Ne5 22.
Na4 Bd8 23. Qe2 Ned7 24. Nb3 Ba8 25. Rb1 b5 26. Nb2 bxc4 27. Nxc4 d5 28. exd5
Nxd5 29. Bd2 Bc6 30. Na3 Qa7+ 31. Kh1 Bf6 32. Rdc1 Ba4 33. Bf1 Rxc1 34. Rxc1 Bb2
0-1

[Event "Portugal Open 2018"]
[Site "Lisboa POR"]
[Date "2018.02.03"]
[Round "1.12"]
[White "Spraggett, Kevin"]
[Black "Romano, João"]
[Result "1-0"]
[WhiteElo "2535"]
[BlackElo "1961"]
[WhiteFideId "2600013"]
[BlackFideId "1938541"]
[WhiteTitle "GM"]
[WhiteCountry "CAN"]
[BlackCountry "POR"]
[PlyCount "71"]
[EventDate "2018.??.??"]

1. e4 e5 2. Nf3 Nc6 3. Bb5 Nf6 4. Nc3 Bb4 5. O-O O-O 6. d3 d6 7. Bg5 Bxc3 8.
bxc3 Ne7 9. Nh4 Ng6 10. Bc4 Nxh4 11. Bxh4 h6 12. f3 Qe7 13. d4 g5 14. Bf2 Nh5
15. g3 Bh3 16. Re1 Be6 17. Bd3 Ng7 18. Be3 f6 19. f4 Bf7 20. Qd2 Kh7 21. Rf1
gxf4 22. gxf4 Rg8 23. Kh1 Bh5 24. Qf2 Rae8 25. Rae1 Qd7 26. f5 d5 27. Bc1 dxe4
28. Bxe4 exd4 29. Qf4 Rh8 30. Qxh6+ Kg8 31. Qxf6 Rxe4 32. Rxe4 Qd5 33. Qxd4 Qc6
34. c4 Be2 35. Rf2 Rh4 36. Qd8+ 1-0

[Event "Portugal Open 2018"]
[Site "Lisboa POR"]
[Date "2018.02.03"]
[Round "1.13"]
[White "Silva, Flávio"]
[Black "Warakomski, Tomasz"]
[Result "0-1"]
[WhiteElo "1952"]
[BlackElo "2517"]
[WhiteFideId "1903691"]
[BlackFideId "1124552"]
[BlackTitle "GM"]
[WhiteCountry "POR"]
[BlackCountry "POL"]
[PlyCount "64"]
[EventDate "2018.??.??"]

1. c4 e5 2. Nc3 Nc6 3. g3 d6 4. Bg2 Be6 5. b3 g6 6. Bb2 Bg7 7. Nf3 Nge7 8. O-O
O-O 9. e4 Nd4 10. Nxd4 exd4 11. Ne2 c5 12. Nf4 Bd7 13. Nd3 Rb8 14. f4 b5 15.
cxb5 Bxb5 16. Nf2 Bxf1 17. Bxf1 Re8 18. Qf3 Qa5 19. d3 Qd2 20. Qe2 Qxe2 21. Bxe2
Nd5 22. Bg4 Ne3 23. Bd7 Re7 24. Ba4 f5 25. Rc1 fxe4 26. Nxe4 Rxe4 27. dxe4 d3
28. Bxg7 Kxg7 29. Rc3 d2 30. b4 Rxb4 31. Rxe3 Rxa4 32. Rd3 Rd4 0-1

[Event "Portugal Open 2018"]
[Site "Lisboa POR"]
[Date "2018.02.03"]
[Round "1.14"]
[White "Repka, Christopher"]
[Black "Vanden Bussche, Steven"]
[Result "1-0"]
[WhiteElo "2513"]
[BlackElo "1940"]
[WhiteFideId "14918781"]
[BlackFideId "228699"]
[WhiteTitle "IM"]
[WhiteCountry "SVK"]
[BlackCountry "BEL"]
[PlyCount "63"]
[EventDate "2018.??.??"]

1. d4 d5 2. Nf3 Nf6 3. c4 c6 4. Nbd2 e6 5. g3 Nbd7 6. Bg2 Be7 7. O-O b6 8. e4
Nxe4 9. Nxe4 dxe4 10. Ne5 Nxe5 11. dxe5 Qc7 12. Bxe4 Bb7 13. Qc2 h5 14. h4 Rd8
15. Re1 Bb4 16. Re2 Rd7 17. Bg5 Bc5 18. Rd1 Bd4 19. Red2 c5 20. Bxb7 Qxb7 21.
Be3 O-O 22. Bxd4 cxd4 23. Rxd4 Rxd4 24. Rxd4 Qc7 25. Qe2 g6 26. Rd6 Rc8 27. b3
Qe7 28. Qd2 Rc7 29. Rd8+ Kg7 30. Qd6 Qxd6 31. exd6 Rb7 32. b4 1-0

[Event "Portugal Open 2018"]
[Site "Lisboa POR"]
[Date "2018.02.03"]
[Round "1.15"]
[White "Candeias, Humberto"]
[Black "Kanarek, Marcel"]
[Result "0-1"]
[WhiteElo "1935"]
[BlackElo "2512"]
[WhiteFideId "1903454"]
[BlackFideId "1126822"]
[BlackTitle "GM"]
[WhiteCountry "POR"]
[BlackCountry "POL"]
[PlyCount "56"]
[EventDate "2018.??.??"]

1. e4 c5 2. Nc3 Nc6 3. g3 g6 4. Bg2 Bg7 5. d3 e6 6. Be3 d6 7. Qd2 Rb8 8. Nge2
Nd4 9. O-O b5 10. Nd1 Nxe2+ 11. Qxe2 Ne7 12. f4 O-O 13. g4 f5 14. gxf5 exf5 15.
e5 Bb7 16. exd6 Qxd6 17. Qf2 Rfc8 18. Nc3 Bxg2 19. Kxg2 b4 20. Nd1 a5 21. Qf3 c4
22. dxc4 Rxc4 23. Rc1 Nd5 24. Bd2 Bh6 25. Qb3 Qc6 26. Qf3 Bxf4 27. b3 Rd4 28.
Bxf4 Rxf4 0-1

[Event "Portugal Open 2018"]
[Site "Lisboa POR"]
[Date "2018.02.03"]
[Round "1.16"]
[White "Arizmendi Martínez, Julen Luis"]
[Black "Carpentier, Jannes"]
[Result "1-0"]
[WhiteElo "2508"]
[BlackElo "1933"]
[WhiteFideId "2205092"]
[BlackFideId "235059"]
[WhiteTitle "GM"]
[WhiteCountry "ESP"]
[BlackCountry "BEL"]
[PlyCount "29"]
[EventDate "2018.??.??"]

1. d4 b6 2. e4 Bb7 3. Bd3 e6 4. Qe2 Nf6 5. Nf3 Be7 6. c4 d5 7. cxd5 exd5 8. e5
Ne4 9. Nbd2 Nxd2 10. Bxd2 c5 11. e6 fxe6 12. Ne5 g6 13. Bb5+ Kf8 14. Qf3+ Bf6
15. Ng4 1-0

[Event "Portugal Open 2018"]
[Site "Lisboa POR"]
[Date "2018.02.03"]
[Round "1.17"]
[White "Höbarth, Günter"]
[Black "Gabrielian, Artur"]
[Result "0-1"]
[WhiteElo "1931"]
[BlackElo "2502"]
[WhiteFideId "1610198"]
[BlackFideId "4131002"]
[BlackTitle "GM"]
[WhiteCountry "AUT"]
[BlackCountry "RUS"]
[PlyCount "54"]
[EventDate "2018.??.??"]

1. d3 Nf6 2. e4 d6 3. g3 g6 4. Bg2 Bg7 5. c3 c5 6. Ne2 O-O 7. O-O Nc6 8. Na3 Bd7
9. Nc2 Rc8 10. h3 b5 11. Be3 a5 12. d4 cxd4 13. cxd4 b4 14. Qd2 Qc7 15. Rac1 Qb8
16. f4 d5 17. exd5 Na7 18. g4 Nb5 19. f5 Nd6 20. Bf4 Qb5 21. Bxd6 exd6 22. g5
Rfe8 23. Ne3 Rxc1 24. Rxc1 gxf5 25. Nc4 Ne4 26. Qf4 Qxd5 27. Nb6 Bxd4+ 0-1

[Event "Portugal Open 2018"]
[Site "Lisboa POR"]
[Date "2018.02.03"]
[Round "1.18"]
[White "Diermair, Andreas"]
[Black "Turta, Stelian"]
[Result "1-0"]
[WhiteElo "2495"]
[BlackElo "1922"]
[WhiteFideId "1612468"]
[BlackFideId "1924680"]
[WhiteTitle "IM"]
[WhiteCountry "AUT"]
[BlackCountry "POR"]
[PlyCount "69"]
[EventDate "2018.??.??"]

1. Nf3 d5 2. c4 Nf6 3. cxd5 Nxd5 4. d4 c6 5. e4 Nf6 6. Nc3 Bg4 7. Be3 e6 8. Be2
Bb4 9. Qc2 Nbd7 10. a3 Bxc3+ 11. bxc3 Bh5 12. O-O Bg6 13. Bd3 h6 14. c4 O-O 15.
Bf4 Re8 16. Bd6 Nb6 17. c5 Nbd7 18. h3 Qc8 19. Nh4 Bh7 20. f4 Qd8 21. Nf3 Qc8
22. g4 Nf8 23. g5 hxg5 24. fxg5 N6d7 25. Qf2 Qd8 26. h4 Bg6 27. Rae1 f6 28. gxf6
Nxf6 29. Ne5 Bh5 30. Re3 Ng6 31. Nxg6 Bxg6 32. Rg3 Kh7 33. Rxg6 Kxg6 34. e5+ Kf7
35. Qg3 1-0

[Event "Portugal Open 2018"]
[Site "Lisboa POR"]
[Date "2018.02.03"]
[Round "1.19"]
[White "Fernandes, Ricardo Paulos"]
[Black "Galego, Luís"]
[Result "0-1"]
[WhiteElo "1920"]
[BlackElo "2481"]
[WhiteFideId "1943464"]
[BlackFideId "1900072"]
[BlackTitle "GM"]
[WhiteCountry "POR"]
[BlackCountry "POR"]
[PlyCount "72"]
[EventDate "2018.??.??"]

1. b3 e5 2. Bb2 d6 3. Nf3 Nf6 4. e3 e4 5. Nd4 d5 6. d3 Bb4+ 7. c3 Bd6 8. dxe4
Nxe4 9. Nd2 O-O 10. Nxe4 dxe4 11. Be2 Qg5 12. Kf1 a6 13. b4 Nd7 14. a3 Nf6 15.
h3 b6 16. c4 h5 17. Nb3 Be6 18. Nd2 Be5 19. f4 Bxf4 20. Bxf6 Qxf6 21. Nxe4 Qe5
22. exf4 Qxe4 23. Qc1 Rad8 24. Kf2 Rd4 25. c5 bxc5 26. bxc5 h4 27. Rb1 Rfd8 28.
Rd1 Qxf4+ 29. Qxf4 Rxf4+ 30. Ke3 Rxd1 31. Rxd1 Ra4 32. Rd8+ Kh7 33. Bd3+ Kh6 34.
Rd4 Rxa3 35. Rxh4+ Kg5 36. Rd4 Bf5 0-1

[Event "Portugal Open 2018"]
[Site "Lisboa POR"]
[Date "2018.02.03"]
[Round "1.20"]
[White "Anurag, Mhamal"]
[Black "Stokes, Paul"]
[Result "1-0"]
[WhiteElo "2476"]
[BlackElo "1916"]
[WhiteFideId "5024366"]
[BlackFideId "419010"]
[WhiteTitle "GM"]
[WhiteCountry "IND"]
[BlackCountry "ENG"]
[PlyCount "81"]
[EventDate "2018.??.??"]

1. Nf3 c5 2. g3 g6 3. Bg2 Bg7 4. c4 Nc6 5. Nc3 e5 6. a3 Nge7 7. O-O O-O 8. b4
cxb4 9. axb4 Nxb4 10. Ba3 Nbc6 11. Ng5 d6 12. Nb5 Nf5 13. Ne4 Be6 14. Nbxd6 Nxd6
15. Nxd6 Qd7 16. Ne4 Rfd8 17. Nc5 Qc8 18. Qa4 Rb8 19. Rab1 Nd4 20. e3 Ne2+ 21.
Kh1 Rxd2 22. Bb4 Rd8 23. Nxe6 Qxe6 24. Qa2 b5 25. Qxe2 bxc4 26. Rfc1 Rdc8 27.
Bc3 Rb3 28. Qa2 Rcb8 29. Rxb3 cxb3 30. Qxa7 Rc8 31. Qa1 Qf5 32. Qb2 Qd3 33. Bf1
Qe4+ 34. Kg1 Rb8 35. Ba5 Qa4 36. Bc3 Qa2 37. Ra1 Qxb2 38. Bxb2 Rc8 39. Ra3 Rb8
40. Bc4 Bf8 41. Ra7 1-0

[Event "Portugal Open 2018"]
[Site "Lisboa POR"]
[Date "2018.02.03"]
[Round "1.21"]
[White "Horta, António"]
[Black "Nagy, Gabor"]
[Result "0-1"]
[WhiteElo "1906"]
[BlackElo "2469"]
[WhiteFideId "1916971"]
[BlackFideId "737119"]
[BlackTitle "IM"]
[WhiteCountry "POR"]
[BlackCountry "HUN"]
[PlyCount "40"]
[EventDate "2018.??.??"]

1. Nf3 c5 2. c4 Nc6 3. Nc3 e5 4. d3 g6 5. g3 Bg7 6. Bg2 Nge7 7. O-O d6 8. Bd2
O-O 9. Rb1 h6 10. a3 a5 11. Ne1 Be6 12. Nc2 d5 13. cxd5 Nxd5 14. Ne3 Nde7 15.
Qa4 Nd4 16. Nc4 Rb8 17. Qxa5 b6 18. Qa6 b5 19. Na5 Qc7 20. Ne4 Rb6 0-1

[Event "Portugal Open 2018"]
[Site "Lisboa POR"]
[Date "2018.02.03"]
[Round "1.22"]
[White "Kaczúr, Flórián"]
[Black "Taylor, Robert Graham"]
[Result "1-0"]
[WhiteElo "2459"]
[BlackElo "1906"]
[WhiteFideId "705098"]
[BlackFideId "1800841"]
[WhiteTitle "IM"]
[WhiteCountry "HUN"]
[BlackCountry "WLS"]
[PlyCount "73"]
[EventDate "2018.??.??"]

1. b3 Nf6 2. Bb2 e6 3. Nf3 d5 4. c4 c6 5. e3 Nbd7 6. Nc3 Be7 7. Qc2 O-O 8. Rg1
e5 9. O-O-O e4 10. Nd4 Ne5 11. f4 Neg4 12. cxd5 c5 13. Ndb5 Nf2 14. Re1 a6 15.
d6 Bxd6 16. Nxd6 Qxd6 17. Kb1 b5 18. d4 Nd3 19. Bxd3 exd3 20. Qxd3 Bb7 21. e4
Qxf4 22. Rgf1 Qh6 23. d5 Rad8 24. Rf3 Rfe8 25. Rh3 Qg6 26. Rg3 Qh6 27. Rf1 Nh5
28. Rgf3 Rd7 29. g4 Nf6 30. g5 Qxg5 31. Rg3 Qh4 32. Qf3 Nxe4 33. Nxe4 Qxe4+ 34.
Qxe4 Rxe4 35. Bxg7 Bxd5 36. Bf6+ Kf8 37. Rfg1 1-0

[Event "Portugal Open 2018"]
[Site "Lisboa POR"]
[Date "2018.02.03"]
[Round "1.23"]
[White "Silva, Mariana"]
[Black "Nayhebaver, Martin"]
[Result "0-1"]
[WhiteElo "1901"]
[BlackElo "2456"]
[WhiteFideId "1911899"]
[BlackFideId "14923432"]
[WhiteTitle "WCM"]
[BlackTitle "IM"]
[WhiteCountry "POR"]
[BlackCountry "SVK"]
[PlyCount "74"]
[EventDate "2018.??.??"]

1. e4 c5 2. Nf3 d6 3. d4 cxd4 4. Nxd4 Nf6 5. Nc3 a6 6. Be2 e5 7. Nb3 Be7 8. O-O
O-O 9. Re1 Be6 10. Bf3 Nbd7 11. a4 Rc8 12. a5 Qc7 13. Nd2 Nb8 14. Nb3 h6 15. Be3
Nbd7 16. h3 Rfe8 17. Qd2 Bf8 18. Red1 Red8 19. Qe1 Qb8 20. Nc1 b5 21. axb6 Nxb6
22. Rxa6 Nc4 23. Nb3 d5 24. exd5 Bf5 25. Qe2 e4 26. Bg4 Bxg4 27. hxg4 Nxb2 28.
Rb1 Rxc3 29. Rxb2 Nxd5 30. Bd4 Nf4 31. Qxe4 Re8 32. Rb6 Qd8 33. Be5 Qd1+ 34. Kh2
Ne2 35. Qxe2 Qxe2 36. Bxc3 Qxf2 37. Nd4 Bc5 0-1

[Event "Portugal Open 2018"]
[Site "Lisboa POR"]
[Date "2018.02.03"]
[Round "1.24"]
[White "Sandalakis, Angelos"]
[Black "Newton, Andrew"]
[Result "1-0"]
[WhiteElo "2448"]
[BlackElo "1899"]
[WhiteFideId "4207645"]
[BlackFideId "2403285"]
[WhiteTitle "IM"]
[WhiteCountry "GRE"]
[BlackCountry "SCO"]
[PlyCount "67"]
[EventDate "2018.??.??"]

1. e4 c5 2. Nf3 d6 3. d4 cxd4 4. Qxd4 Nc6 5. Bb5 Bd7 6. Bxc6 Bxc6 7. Nc3 Nf6 8.
Bg5 e6 9. O-O-O Be7 10. Rhe1 Qb6 11. Qd2 O-O-O 12. Nd4 Qa5 13. Kb1 Qa6 14. f3 h6
15. Be3 Kb8 16. a3 d5 17. e5 Nd7 18. Na2 Rc8 19. Nb4 Qa4 20. Ka2 a5 21. Nbxc6+
bxc6 22. Qe2 Bc5 23. f4 Bxd4 24. Rxd4 Qb5 25. c4 Qb7 26. cxd5 exd5 27. Ra4 c5
28. Rxa5 c4 29. Qc2 Nb6 30. Rd1 Rc6 31. Rb5 Kc7 32. Qf5 Rf8 33. Bxb6+ Rxb6 34.
Rdxd5 1-0

[Event "Portugal Open 2018"]
[Site "Lisboa POR"]
[Date "2018.02.03"]
[Round "1.25"]
[White "Quintino, Luís"]
[Black "Savanovic, Aleksandar"]
[Result "0-1"]
[WhiteElo "1899"]
[BlackElo "2448"]
[WhiteFideId "1904086"]
[BlackFideId "914932"]
[BlackTitle "IM"]
[WhiteCountry "POR"]
[BlackCountry "BIH"]
[PlyCount "110"]
[EventDate "2018.??.??"]

1. d4 f5 2. c4 Nf6 3. Nc3 e6 4. Bg5 Bb4 5. Bxf6 Bxc3+ 6. bxc3 Qxf6 7. e3 O-O 8.
Nf3 d6 9. Be2 Nc6 10. O-O e5 11. Qb3 Kh8 12. Qa3 f4 13. d5 Ne7 14. exf4 Qxf4 15.
c5 e4 16. cxd6 Nxd5 17. Nd4 cxd6 18. Nb5 Bd7 19. Nxd6 Nxc3 20. Bc4 b5 21. Rac1
a5 22. Qxc3 Qxd6 23. Be2 b4 24. Qc7 Qe6 25. Bc4 Qf5 26. Qd6 Rac8 27. Qd5 Rc5 28.
Qxf5 Bxf5 29. Ba6 Rxc1 30. Rxc1 Be6 31. Rc5 g6 32. h3 Rf5 33. Rc2 a4 34. Bb7 Re5
35. Re2 Bc4 36. Rc2 Be6 37. Re2 Kg7 38. f4 Ra5 39. Bxe4 b3 40. Bb1 Bc4 41. Rd2
h5 42. g4 Be6 43. f5 gxf5 44. gxf5 bxa2 45. Bxa2 Bxa2 46. Rxa2 a3 47. Kg2 Kf6
48. Kg3 Ra4 49. Kf3 Kxf5 50. Kg3 Ke5 51. Ra1 a2 52. Re1+ Kd4 53. Kh4 a1=Q 54.
Rxa1 Rxa1 55. Kxh5 Ke5 0-1

[Event "Portugal Open 2018"]
[Site "Lisboa POR"]
[Date "2018.02.03"]
[Round "1.26"]
[White "Ortega Amarelle, Mariano"]
[Black "Vandamme, Florian"]
[Result "1-0"]
[WhiteElo "2447"]
[BlackElo "1898"]
[WhiteFideId "3504301"]
[BlackFideId "228672"]
[WhiteTitle "IM"]
[WhiteCountry "CUB"]
[BlackCountry "BEL"]
[PlyCount "91"]
[EventDate "2018.??.??"]

1. c4 Nf6 2. Nc3 g6 3. e4 d6 4. d4 Bg7 5. Nf3 O-O 6. Be2 Na6 7. O-O e5 8. Re1
exd4 9. Nxd4 Nc5 10. f3 a5 11. Be3 Bd7 12. Ndb5 b6 13. Qd2 Re8 14. Rad1 Bxb5 15.
Nxb5 Qd7 16. Bf1 Re7 17. Bf2 Qe8 18. Qc2 Rc8 19. b3 Nh5 20. Nc3 Nf6 21. Rb1 Re5
22. a3 Ncd7 23. b4 axb4 24. axb4 g5 25. Ra1 g4 26. f4 Rh5 27. Ra7 Qf8 28. Qd3
Nb8 29. Nd5 Nc6 30. Ra4 Qe8 31. b5 Nd8 32. Nxf6+ Bxf6 33. Be2 Rh6 34. Bxg4 Rb8
35. Ra7 Qe7 36. Qd5 Ne6 37. Ra8 Rxa8 38. Qxa8+ Qd8 39. Qxd8+ Bxd8 40. Ra1 Bf6
41. Ra8+ Kg7 42. Bxe6 fxe6 43. Rc8 Rh5 44. Rxc7+ Kg6 45. Rc6 e5 46. Rxd6 1-0